NHL Season Openers 2021-22 - Statistics

General Stats
  • This quiz has been taken 4 times
  • The average score is 8 of 32
Answer Stats
Team Date Answer % Correct
Anaheim Ducks 10/13 Winnipeg Jets
100%
Winnipeg Jets 10/13 Anaheim Ducks
75%
Calgary Flames 10/16 Edmonton Oilers
50%
Vancouver Canucks 10/13 Edmonton Oilers
50%
Toronto Maple Leafs 10/13 Montreal Canadiens
50%
Nashville Predators 10/14 Seattle Kraken
50%
Vegas Golden Knights 10/12 Seattle Kraken
50%
Montreal Canadiens 10/13 Toronto Maple Leafs
50%
Edmonton Oilers 10/13 Vancouver Canucks
50%
Seattle Kraken 10/12 Vegas Golden Knights
50%
Colorado Avalanche 10/13 Chicago Blackhawks
25%
Chicago Blackhawks 10/13 Colorado Avalanche
25%
St. Louis Blues 10/16 Colorado Avalanche
25%
Arizona Coyotes 10/14 Columbus Blue Jackets
25%
Boston Bruins 10/16 Dallas Stars
25%
Washington Capitals 10/13 New York Rangers
25%
Tampa Bay Lightning 10/12 Pittsburgh Penguins
25%
Pittsburgh Penguins 10/12 Tampa Bay Lightning
25%
Ottawa Senators 10/14 Toronto Maple Leafs
25%
New York Rangers 10/13 Washington Capitals
25%
Minnesota Wild 10/15 Anaheim Ducks
0%
Columbus Blue Jackets 10/14 Arizona Coyotes
0%
New York Islanders 10/14 Carolina Hurricanes
0%
New Jersey Devils 10/15 Chicago Blackhawks
0%
Buffalo Sabres 10/14 Montreal Canadiens
0%
Carolina Hurricanes 10/14 New York Islanders
0%
Dallas Stars 10/14 New York Rangers
0%
Florida Panthers 10/14 Pittsburgh Penguins
0%
Detroit Red Wings 10/14 Tampa Bay Lightning
0%
Philadelphia Flyers 10/15 Vancouver Canucks
0%
Los Angeles Kings 10/14 Vegas Golden Knights
0%
San Jose Sharks 10/16 Winnipeg Jets
0%
No matching quizzes found
Score Distribution
Percent of People with Each Score
Percentile by Number Answered
Your Score History
You have not taken this quiz